Německá integrační politika mezi pragmatismem a europeizací

Problematika zmeny v nemeckej integračnej politike. Metodologický prístup hodnotenia nemeckej zahraničnej politiky podľa modelu autorky Moniky Medick-Krakau. Zmena v nemeckej integračnej politike v období rokov 1995-2005. Proces pragmatizácie s ohľadom na praktické krátkodobé i strednodobé záujmy. P...

Ausführliche Beschreibung

Gespeichert in:
Bibliographische Detailangaben
1. Verfasser: Handl, Vladimír
Weitere Verfasser: Nigrin, Tomáš
Format: Buchkapitel
Sprache:Tschechisch
Schlagworte:
Tags: Tag hinzufügen
Keine Tags, Fügen Sie das erste Tag hinzu!

MARC

LEADER 00000naa$a2200000$$$4500
001 0050282
005 20231016100238.3
041 0 |a cze 
044 |a CZ 
245 1 0 |a Německá integrační politika mezi pragmatismem a europeizací  |c Vladimír Handl, Tomáš Nigrin 
520 |a Problematika zmeny v nemeckej integračnej politike. Metodologický prístup hodnotenia nemeckej zahraničnej politiky podľa modelu autorky Moniky Medick-Krakau. Zmena v nemeckej integračnej politike v období rokov 1995-2005. Proces pragmatizácie s ohľadom na praktické krátkodobé i strednodobé záujmy. Programové a inštitucionálne zmeny po nástupe veľkej koalície Angely Merkelovej. Inštitucionálne posuny a ich politický význam. Diferencovaná europeizácia v politike veľkej koalície. Postoj k Európskej ústavnej zmluve. 
610 2 0 |a politika zahraničná 
610 2 0 |a vzťahy medzinárodné 
610 2 0 |a integrácia 
610 2 0 |a politika integračná 
610 2 0 |a zmluvy medzinárodné 
610 2 0 |a ústava 
610 2 0 |a štát 
610 2 0 |a vláda 
610 2 0 |a Nemecko 
610 2 0 |a Európska únia 
100 1 |a Handl, Vladimír 
700 1 |a Nigrin, Tomáš